|
|
|
|
| LEADER |
00000cam a2200000 7i4500 |
| 001 |
0000002469 |
| 005 |
20021118093000.0 |
| 008 |
021118n |
| 020 |
|
|
|a 027800007X
|
| 090 |
0 |
0 |
|a HF5686.C8
|b H39 1988
|
| 100 |
0 |
|
|a Hazzard, P. A. ,
|e author
|
| 245 |
0 |
0 |
|a Cost and management accounting I :
|b CACA paper 1.2
|c P. A. Hazzard
|
| 260 |
2 |
|
|a London :
|b Van Nostrand Reinhold ,
|c 1988
|
| 300 |
|
|
|a 325 p. ; ;
|c 28 cm.
|
| 440 |
0 |
0 |
|a VNR accounting passbooks
|
| 504 |
|
|
|a Includes index
|
| 650 |
|
0 |
|a Cost accounting
|
| 650 |
|
0 |
|a Managerial accounting
|
| 999 |
|
|
|a 1000012454
|b Book
|c OPEN SHELF (30 DAYS)
|e Gong Badak Campus
|